01576nam a22002417a 45000010005000000030006000050050017000110080041000280400029000690500017000980820012001151000021001272450107001482500067002552600047003223000063003695050007004325200776004395210021012155210018012366500042012547000038012969131FISKH20251124141552.0251124b cb ||||| |||| 00| 0 eng d aFISKHbengcFISKHdFISKH aQC16.E5 B437 a530.092 aBerne, Jennifer  aOn a beam of light: bA story of Albert Einstein /cby Jennifer Berne ; pictures by Vladimir Radunsky  aFirst Chromicle Boooks LLC paperback edition published in 2016 aSan Francisco : bChromicles book, c2013  a56 unnumbered pages : bcolor illustrations ; c25 x 26 cm aR  aBiography & Autobiography. Juvenile Nonfiction. Science. HTML:A boy rides a bicycle down a dusty road. But in his mind, he envisions himself traveling at a speed beyond imagining, on a beam of light. This brilliant mind will one day offer up some of the most revolutionary ideas ever conceived. From a boy endlessly fascinated by the wonders around him, Albert Einstein ultimately grows into a man of genius recognized the world over for profoundly illuminating our understanding of the universe. Jennifer Berne and Vladimir Radunsky invite the reader to travel along with Einstein on a journey full of curiosity, laughter, and scientific discovery. Parents and children alike will appreciate this moving story of the powerful difference imagination can make in any life.8 a680 bLexile AD 8 aR bRaz-Plus  aBiographyvCuriosityxAlbert Einstein aRadunsky, Vladimir eillustrator